<?xml version="1.0" encoding="UTF-8"?>
<record
    xmlns:xsi="http://www.w3.org/2001/XMLSchema-instance"
    xsi:schemaLocation="http://www.loc.gov/MARC21/slim http://www.loc.gov/standards/marcxml/schema/MARC21slim.xsd"
    xmlns="http://www.loc.gov/MARC21/slim">

  <leader>00374nam a22001337a 4500</leader>
  <controlfield tag="003">OSt</controlfield>
  <controlfield tag="005">20250718114912.0</controlfield>
  <controlfield tag="008">220527b        |||||||| |||| 00| 0 eng d</controlfield>
  <datafield tag="040" ind1=" " ind2=" ">
    <subfield code="c">CO-JMCR</subfield>
    <subfield code="d">CO-JMCR</subfield>
  </datafield>
  <datafield tag="082" ind1=" " ind2=" ">
    <subfield code="a">C</subfield>
    <subfield code="b">HOMr</subfield>
  </datafield>
  <datafield tag="100" ind1="1" ind2="0">
    <subfield code="a">Homes Clarke, Judith, </subfield>
    <subfield code="e">ilustradora</subfield>
    <subfield code="9">42087</subfield>
  </datafield>
  <datafield tag="245" ind1="1" ind2="0">
    <subfield code="a">Rincones secretos de la casa del &#xE1;rbol / </subfield>
    <subfield code="c">Judith Holmes Clarke</subfield>
  </datafield>
  <datafield tag="942" ind1=" " ind2=" ">
    <subfield code="2">ddc</subfield>
    <subfield code="c">BK</subfield>
  </datafield>
  <datafield tag="999" ind1=" " ind2=" ">
    <subfield code="c">29506</subfield>
    <subfield code="d">15890</subfield>
  </datafield>
  <datafield tag="952" ind1=" " ind2=" ">
    <subfield code="0">0</subfield>
    <subfield code="1">0</subfield>
    <subfield code="2">ddc</subfield>
    <subfield code="4">0</subfield>
    <subfield code="7">0</subfield>
    <subfield code="a">CPL</subfield>
    <subfield code="b">CPL</subfield>
    <subfield code="c">CHILD</subfield>
    <subfield code="d">2022-05-27</subfield>
    <subfield code="l">26</subfield>
    <subfield code="m">2</subfield>
    <subfield code="o">C HOMr</subfield>
    <subfield code="p">201811562</subfield>
    <subfield code="r">2026-01-15 20:19:44</subfield>
    <subfield code="s">2026-01-15</subfield>
    <subfield code="t">Ej.1</subfield>
    <subfield code="w">2022-05-27</subfield>
    <subfield code="y">BK</subfield>
    <subfield code="z">rasgado </subfield>
  </datafield>
</record>
